Statistics for Car brands #2

Click here to take the quiz!

General Stats

  • This quiz has been taken 33 times
  • The average score is 8 of 10

Answers on the Map

Answers color-coded by a green-red scale on the quiz's map according to % correct below.
 

Answer Stats

Answer% Correct
Tesla
89%
Mercedes-Benz
86%
Alfa-Romeo
82%
Chevrolet
82%
Infiniti
79%
Lexus
79%
McLaren
71%
Chrysler
64%
Pontiac
64%
Saab
64%

Score Distribution

Percentile by Number Answered

Percent of People with Each Score

Your Score History

You have not taken this quiz